000 00688nam a2200253Ia 4500
003 OSt
005 20220928121355.0
006 a|||||r|||| 00| 0
007 ta
008 220927b |||||||| |||| 00| 0 eng d
024 _a24823
037 _cTextual
040 _aSDCL
_cSDCL
_beng
041 _2eng
_aeng
082 _aX:8F:(D6,8(B)), N3
100 _aNash John F
_9451709
245 0 _aAccounting information systems
250 _a3
260 _aCincinnati
_bSouth-Western
_c1993
300 _axii,756p
_ccm.
700 _a Heagy Cynthia D
_9451710
942 _hX:8F:(D6,8(B)), N3
_cTEXL
_2CC
999 _c765742
_d765742